000 01294nam0a22003251 4500
001 rc\2150275
005 20250623102645.0
035 _a(NLR Aleph) 006720242
090 _a5435729
_c5435729
100 _a20110829d1978 |||y0rusy50 ca
101 0 _arus
102 _aRU
105 _aa z |||||
200 1 _aОчарован Уралом
_eЖизнь и творчество А.К. Денисова-Уральского
210 _aСвердловск
_cСред.-Урал. кн. изд-во
_d1978
215 _a143 с., 9 л. ил.
_d17
320 _aСписок произведений: с. 140-142
320 _aСписок лит. в примеч.: с. 133-139
606 _aРусская живопись
_z19-20 вв.
_2psbo
606 _aРезьба художественная по камню
_yУрал
_2psbo
700 1 _aСеменова
_bС.В.
_gСветлана Валентиновна
702 1 _6z01790
_aДенисов-Уральский
_bА.К.
_gАлексей Кузьмич
_4570
790 1 _6z01702
_aУральский
_bА.К.
_gАлексей Кузьмич
801 0 _aRU
_bNLR
_gpsbo
801 1 _aRU
_bELAR
_2rusmarc
852 _aNLR
_j78-2/2495
899 _aRuMoRGB
_jБ 78-20/672
899 _aRuMoRGB
_jБ 78-20/673
942 _cBOOK
980 _aNB